000 00732cab a2200253 4500
001 ABS45545
008 090401t1991 xxu||||| |||| 00| 0 eng d
035 _a(Sirsi) u53659
041 _aeng
100 _aChevin, D.
245 _aNon-performing seals
260 _c1991
350 _a0
490 _aBuilding
_v256(7723) 29 November 1991, 66-67(2)
520 _aReports on cladding failure as a result of poor use of sealants and the difference in the tolerance of the frame and the cladding.
650 _aBUILDING FAILURES
650 _aCLADDING
650 _aCURTAIN WALLING
650 _aREMEDIES
650 _aSEALANTS
690 _aBUILT ENVIRONMENT-BUILDING PATHOLOGY
942 _n0
948 _c04/03/1997
999 _c33032
_d33032